| 000 | 01013nam a2200277Ia 4500 | ||
|---|---|---|---|
| 003 | OSt | ||
| 005 | 20221005105646.0 | ||
| 006 | a|||||r|||| 00| 0 | ||
| 007 | ta | ||
| 008 | 221004b |||||||| |||| 00| 0 urd d | ||
| 020 |
_a8181432479 (pbk) _cIndian Rupees 75 |
||
| 024 | _a68619 | ||
| 037 |
_bGift, 21/06/2021, _cTextual |
||
| 040 |
_aCRL _cCRL _burd |
||
| 041 |
_2urd _aurd |
||
| 082 | _aO168,1N11x, 152P9 | ||
| 100 | _aहनफ़ी, शमीम, संपा. | ||
| 245 | 0 | _aफै़ज़ अहमद फै़ज़ की शायरी | |
| 246 | _aFai़ज़ ahamad fai़ज़ kī shāyarī | ||
| 260 |
_aनई दिल्ली _bवाणी प्रकाशन भारत _c2009 |
||
| 300 |
_a91पृ0 _ccm. |
||
| 650 | _a उर्दू साहित्य | ||
| 650 | _aउर्दू कविता | ||
| 942 |
_hO168,1N11x, 152P9 _cTEXL _2cc |
||
| 999 |
_c1016487 _d1016487 |
||